000 00713nam a22002055i 4500
001 170137
003 ES-MaACL
005 20250518063240.0
008 090205s1927 fr |||| | fre d
080 _a78.089.1
100 1 _aHalévy, Ludovic,
_d1834-1908
_9240505
245 1 0 _aPomme d'Api
_b: opérette en un acte /
_cLudovic Halévy et William Busnach ; musique de Jacques Offenbach.
260 _aParis :
_bStock,
_c1927.
300 _a32 p. ;
_c18 cm.
650 1 4 _aOperetas-
_vLibretos.
_9139352
700 1 _aBusnach, William.
_9139094
700 0 _aOffenbach, Jacques.
_986559
852 _aES-MaACL
_j2246-F-1
_9R.141015
_z.- Biblioteca Jacinto Martínez Lacalle
999 _c170137
_d170137